00950nam a2200205 i 450000100060000000300090000600500170001500700030003200800410003510000240007624502960010026000500039630000200044670000330046670000470049970000340054685200220058099900170060295201250061919767ES-MaACL20230906152148.0t|021011s1874 fr ||||1| lat d1 aAbu'l Farax.91818810aChronicon ecclesiasticum quod e codice Musei Britannici / cAbu'l Farax, Gregorii Barhebraei ; descriptum conjucta opera ediderunt, latinitate donaruntannotationibusque theologicis, historicis geographicis et archaelogicis illustrarunt Joannes Baptista Abbeloos... et Thomas Josephus Lamy... aParís : bApud Maisonneuve et Cie., c1874. a1 v. ; c28 cm.1 aBarhebraei, Gregorii.9256461 aAbbeloos, Jean Baptiste,d1836-19069180021 aLamy, Thomas Josephus.969881 aES-MaACLjF-11520 c19767d19767 001040708LIBXIXaATENEOMbATENEOMcSPP2d2008-01-17eSCl0oF-11520p1020242r2023-02-23 00:00:00w2023-02-23yMONANT